000 00300nam a2200109Ia 4500
008 200302s9999 xx 000 0 und d
100 _aHerbert Girardet
245 _aThe Gaia atlas of Cities new directions for sustainable urban living
260 _bGaia Books Limited
260 _c1992
300 _a191
999 _c6093
_d6093